000 00467nam a2200157Ia 4500
008 210210b1971 xxu||||| |||| 00| 0 eng d
082 _a621.38152 LINF
100 _aLINDMAYER (Joseph)
245 _aFundamentals of semiconductor devices.
260 _aNew Delhi,
_bAffiliated East-West Prees Pvt. Ltd.
_c1971
300 _ax,486
650 _aSemiconductor Electronics
690 _aSemiconductor Electronics
700 _aWRIGLEY (Charles Y).
906 _a039556
999 _c89580
_d89580